| 000 | 00486nam a2200181Ia 4500 | ||
|---|---|---|---|
| 008 | 230718s9999 xx 000 0 und d | ||
| 020 | _a978931501336 | ||
| 041 | _aeng | ||
| 082 |
_a301.072 _bKUM |
||
| 100 | _aKumar R. | ||
| 245 |
_aResearch Methodology _bA Step-by-Step Guide For Beginners |
||
| 250 | _a4th ed. | ||
| 260 |
_c2014 _bSage Publication |
||
| 300 | _a399 | ||
| 365 |
_cRs. _b550.00 |
||
| 700 | _aKumar R. | ||
| 906 |
_dO:0507109-May-2016B:286304-May-2016 _cMTE _b687.5 |
||
| 999 |
_c341993 _d341993 |
||